000 00583nam a2200205Ia 4500
003 LK-CoDNM
008 010623t2005 xxu||||| |||| 00| 1 Pali d
040 _aLK-CoDNM
_dLK-CoDNM
_eLK-CoDNM
041 _aPali
_asin
080 _a294.3TRI
100 _aAnguttaranikaya Editorial Board
_etr.
245 _aඅංගුත්තරනිකාය 3
246 _aAnguttaranikaya 3
260 _bBuddst Cultural Centre
_aDehiwala
_c2005
300 _bxxiii,479p, 30 cm
500 _aBuddha Jayanthi Tripitaka Series
650 _aBuddhism
650 _aSutrapitaka
942 _cBK
999 _c124486
_d124486